[Event "RUS-Cup02"]
[Site "Moscow"]
[Date "1998.??.??"]
[Round "6"]
[White "Donchenko, Anatoly G"]
[Black "Voitsekhovsky, Stanislav"]
[Result "0-1"]
[WhiteElo "2385"]
[BlackElo "2540"]

1.d4 Nf6 2.Nf3 g6 3.c4 Bg7 4.Nc3 O-O 5.e4 d6 6.Be2 e5 7.dxe5 dxe5 8.Qxd8 Rxd8
9.Bg5 Nbd7 10.O-O-O Rf8 11.Ne1 Nc5 12.f3 Ne6 13.Be3 Nh5 14.Nc2 b6 15.Rhe1 Bb7
16.b4 c5 17.bxc5 Nxc5 18.Nb4 Nf4 19.Bf1 Nce6 20.Nb5 Rfb8 21.Nd5 Rd8 22.Ne7+ Kf8
23.Rxd8+ Nxd8 24.Nd5 Nc6 25.Rd1 Rd8 26.g3 Ne6 27.Bh3 Ncd4 28.Bxe6 fxe6 29.Ndc7 Ke7
30.Nxa7 Rf8 31.f4 exf4 32.gxf4 Ne2+ 33.Kc2 g5 34.f5 Bxe4+ 35.Kb3 exf5 36.Bxg5+ Kf7
37.Rd7+ Kg6 38.Ne6 Rg8 39.Rxg7+ Rxg7 40.Nxg7 Kxg5 41.Ne6+ Kf6 42.Nc7 f4  0-1

[Event "RUS-Cup02"]
[Site "Moscow"]
[Date "1998.??.??"]
[Round "7"]
[White "Gorin, Igor"]
[Black "Ozolin, Maxim"]
[Result "1/2-1/2"]
[WhiteElo "2355"]
[BlackElo "2510"]

1.d4 Nf6 2.Nf3 g6 3.c4 Bg7 4.Nc3 O-O 5.e4 d6 6.Be2 e5 7.d5 a5 8.Bg5 h6 9.Bh4 Na6
10.Nd2 Bd7 11.O-O Qe8 12.Nb5 Nh7 13.a3 f5 14.exf5 gxf5 15.Bh5 Qc8 16.Be7 Re8
17.Bh4 Rf8 18.Be7 Re8 19.Bh4 Rf8  1/2-1/2

[Event "Moscow-ch op"]
[Site "Moscow"]
[Date "1998.??.??"]
[Round "7"]
[White "Feoktistov, Alexey A"]
[Black "Vorobiov, Evgeny E"]
[Result "0-1"]
[WhiteElo "2395"]
[BlackElo "2475"]

1.Nf3 Nf6 2.c4 g6 3.Nc3 Bg7 4.e4 d6 5.d4 O-O 6.Be2 Nbd7 7.O-O e5 8.d5 a5
9.b3 Ne8 10.a3 f5 11.Bb2 f4 12.b4 g5 13.Nd2 Ndf6 14.h3 Rf7 15.c5 Bf8 16.Nc4 h5
17.Bd3 Rg7 18.cxd6 cxd6 19.bxa5 g4 20.h4 g3 21.fxg3 fxg3 22.Qf3 Nh7 23.Qxh5 Rg4
24.Rxf8+ Nxf8 25.Rf1 Nf6 26.Qh6 Rg6 27.Qe3 Nh5 28.Nd2 Bg4 29.Rf5 Qxh4 30.Nf3 Bxf3
31.Qxf3 Rg4 32.Bc1 Ng6 33.Qxg4 Qxg4 34.Be2 Qxf5 35.exf5 Ngf4 36.Bf3 Rxa5
37.a4 b5 38.Bxf4 Nxf4 39.axb5 Ra1+ 40.Nd1 e4 41.Bg4 Nxd5 42.b6 Nxb6 43.Kf1 Nc4
44.Ke2 Ra2+ 45.Kf1 Rc2 46.Bh5 Kg7  0-1

[Event "RUS-Cup02"]
[Site "Moscow"]
[Date "1998.??.??"]
[Round "7"]
[White "Yuferov, Sergey  N"]
[Black "Saltaev, Mihail"]
[Result "1/2-1/2"]
[WhiteElo "2390"]
[BlackElo "2510"]

1.d4 Nf6 2.c4 d6 3.Nc3 Nbd7 4.e4 e5 5.Nf3 g6 6.Be2 Bg7 7.O-O O-O 8.Qc2 c6
9.Rd1 Qe7 10.d5 c5 11.Rb1 Ne8 12.Bd3 b6 13.a3 Nc7 14.b4 Ba6 15.Be3 Kh8 16.Nd2 Rg8
17.Qa4 Bc8 18.Nb5 Ne8 19.Qc2 Qf8 20.Nb3 Bh6 21.Bxh6 Qxh6 22.Qd2 Qg7 23.bxc5 Nxc5
24.Nxc5 bxc5 25.Bc2 f5 26.Nc3 Nf6 27.f3 f4 28.Ba4 a6 29.Rb6 Qe7 30.Kf1 g5
31.h3 h5 32.Ke2 Qd8 33.Rdb1 Ra7 34.Kd3 g4 35.hxg4 hxg4 36.Rh1+ Rh7 37.Rxh7+ Nxh7
38.Qb2 gxf3 39.gxf3 Rg3 40.Bd1 Ng5 41.Rc6 Nxf3 42.Ne2 Ne1+ 43.Kd2 Rd3+ 44.Kc1 Bg4
45.Rb6 Rxd1+ 46.Kxd1 Nd3 47.Qb1 Nb4 48.Kd2 Qxb6 49.Qh1+ Kg7 50.Qg2 Na2 51.Qxg4+ Kf8
52.Qc8+ Ke7 53.Kc2 a5  1/2-1/2

[Event "EU-ch U18 Girls"]
[Site "Murek"]
[Date "1998.??.??"]
[Round "1"]
[White "Radziewicz, Iweta"]
[Black "Oliveira, Vera"]
[Result "1-0"]
[WhiteElo "2425"]
[BlackElo "2025"]

1.d4 Nf6 2.Nf3 g6 3.c4 Bg7 4.Nc3 O-O 5.e4 d6 6.Be2 e5 7.d5 Nbd7 8.Bg5 a5
9.Nd2 Nc5 10.O-O Bd7 11.b3 Qc8 12.a3 h6 13.Be3 b6 14.b4 Nb7 15.Nb3 c5 16.dxc6 Qxc6
17.Nd5 Nxd5 18.cxd5 Qa4 19.Bd2 Rfc8 20.Qb1 Be8 21.Qd3 Rc7 22.Rac1 Rac8 23.Rxc7 Rxc7
24.Rc1 Re7 25.Qc3 Qxa3 26.Ra1 axb4 27.Qc2  1-0

[Event "EU-ch U18"]
[Site "Murek"]
[Date "1998.??.??"]
[Round "3"]
[White "Benkovic, Petar"]
[Black "Horvath, Adam"]
[Result "0-1"]
[WhiteElo "2310"]
[BlackElo "2455"]

1.Nf3 Nf6 2.c4 g6 3.Nc3 Bg7 4.e4 d6 5.d4 O-O 6.Be2 e5 7.O-O exd4 8.Nxd4 Re8
9.f3 Nc6 10.Be3 Nh5 11.f4 Nf6 12.Bf3 Bg4 13.Nxc6 Bxf3 14.Qxf3 bxc6 15.Bd2 Qb8
16.b3 Qb6+ 17.Kh1 Re7 18.Rae1 Qd4 19.Re2 Rae8 20.Rfe1 a6 21.Bc1 Qc5 22.g3 Qh5
23.Kg2 Qxf3+ 24.Kxf3 Ng4 25.Na4 f5 26.Bd2 Bd4 27.Ba5 h5 28.Bc3 fxe4+ 29.Kg2 c5
30.h3 Nh6 31.Rd1 Nf5 32.Rdd2 Ne3+ 33.Kh1 Nf1 34.Bxd4 cxd4  0-1

[Event "EU-ch U14"]
[Site "Murek"]
[Date "1998.??.??"]
[Round "3"]
[White "Miton, Kamil"]
[Black "Livshits, Gaby"]
[Result "1/2-1/2"]
[WhiteElo "2415"]
[BlackElo "2075"]

1.d4 Nf6 2.c4 g6 3.Nc3 Bg7 4.e4 d6 5.Be2 O-O 6.Nf3 e5 7.O-O exd4 8.Nxd4 Re8
9.f3 Nc6 10.Be3 Nh5 11.Qd2 Nf4 12.Rfd1 f5 13.Bf1 Ne6 14.Nxc6 bxc6 15.exf5 gxf5
16.Re1 Qf6 17.Rad1 c5 18.Qd3 Bb7 19.Nd5 Bxd5 20.Qxd5 Kh8 21.b3 Rab8 22.f4 Nd4
23.Bxd4 Qxd4+ 24.Qxd4 Bxd4+ 25.Kh1 Kg7 26.g3 Bc3  1/2-1/2

[Event "EU-ch U16"]
[Site "Murek"]
[Date "1998.??.??"]
[Round "3"]
[White "Kekenj, Aleksandar"]
[Black "Valev, Martin"]
[Result "1-0"]
[WhiteElo "2215"]
[BlackElo "2095"]

1.d4 Nf6 2.c4 g6 3.Nc3 Bg7 4.e4 d6 5.Be2 O-O 6.Nf3 e5 7.d5 a5 8.Bg5 Na6 9.Nd2 h6
10.Bh4 Nc5 11.O-O g5 12.Bg3 Nh7 13.Bg4 Bxg4 14.Qxg4 Nd3 15.Nd1 Nf4 16.Ne3 h5
17.Qd1 h4 18.Bxf4 exf4 19.Nf5 Bxb2 20.Rb1 Bc3 21.Rxb7 Re8 22.c5 Qc8 23.Rb3 Bxd2
24.Qxd2 Rxe4 25.f3 Re8 26.Nh6+ Kg7 27.Ng4 f5 28.Qd4+ Kg6 29.Nf2 Nf6 30.cxd6 cxd6
31.Nd3 Qc2 32.Rb2 Qc7 33.Rc1 Qa7 34.Qxa7 Rxa7 35.Rb6 Rd7 36.Rb5 Ra8 37.Rc6 Kf7
38.Nb2 Ne8 39.a4 Ke7 40.Nc4 Nc7 41.Rb7 Nxd5 42.Rxd7+ Kxd7 43.Rxd6+ Ke7 44.Rxd5 Rc8
45.Rd4  1-0

[Event "EU-ch U18"]
[Site "Murek"]
[Date "1998.??.??"]
[Round "6"]
[White "Doettling, Fabian"]
[Black "Shavtvaladze, Nikoloz"]
[Result "0-1"]
[WhiteElo "2360"]
[BlackElo "2215"]

1.d4 Nf6 2.c4 g6 3.Nf3 Bg7 4.Nc3 O-O 5.e4 d6 6.Be2 e5 7.O-O c6 8.Be3 Nbd7
9.d5 c5 10.Ne1 Ne8 11.Nd3 f5 12.exf5 gxf5 13.f4 Bf6 14.Qd2 Ng7 15.Rae1 a6
16.a3 exf4 17.Bxf4 Bd4+ 18.Kh1 Ne5 19.Nc1 Ng6 20.Bg5 Bf6 21.Bh6 Bd7 22.Nd3 b5
23.Nf4 Nxf4 24.Bxf4 Qb6 25.cxb5 axb5 26.Bd3 Rae8 27.Rxe8 Rxe8 28.Ne2 Be5
29.Ng3 c4 30.Bxe5 Rxe5 31.Bb1 Qe3 32.Qa5 Re8 33.Qc7 Qe7 34.h3 h5 35.Bxf5 Bxf5
36.Qxe7 Rxe7 37.Nxf5 Nxf5 38.Rxf5 Re2 39.Rf6 Rxb2 40.Rxd6 Rb3 41.Rc6 Rxa3
42.Rc5 c3 43.g4 hxg4 44.hxg4 b4 45.d6 Ra6  0-1

[Event "EU-ch U18"]
[Site "Murek"]
[Date "1998.??.??"]
[Round "7"]
[White "Gershon, Alik"]
[Black "Shavtvaladze, Nikoloz"]
[Result "1/2-1/2"]
[WhiteElo "2460"]
[BlackElo "2215"]

1.d4 Nf6 2.c4 g6 3.Nc3 Bg7 4.e4 d6 5.Nf3 O-O 6.Be2 e5 7.d5 Na6 8.Bg5 h6 9.Bh4 g5
10.Bg3 Nxe4 11.Nxe4 f5 12.Nc3 f4 13.Ne4 Bf5 14.Bd3 Qe8 15.Nfd2 Qg6 16.Qe2 fxg3
17.hxg3 g4 18.a3 h5 19.b4 Bh6 20.Nb3 Nb8 21.Rd1 Nd7 22.O-O Nf6 23.Nxf6+ Rxf6
24.Bxf5 Qxf5 25.c5 Raf8 26.Nd2 Bxd2 27.Rxd2 Kg7 28.Rc1 R6f7 29.Rdc2 Qg5 30.cxd6 cxd6
31.Rc7 Kg6 32.Qe3 Qxe3 33.fxe3 Rxc7 34.Rxc7 Rf7 35.Rxf7 Kxf7 36.e4 Ke7 37.Kf2 Kd7
38.Ke3 Kc7 39.Kd3 Kb6 40.Kc4 a5 41.b5 Kc7  1/2-1/2

[Event "EU-ch U16"]
[Site "Murek"]
[Date "1998.??.??"]
[Round "7"]
[White "Loetscher, Roland"]
[Black "Burschowsky, Matthias"]
[Result "1-0"]
[WhiteElo "2080"]
[BlackElo "2160"]

1.d4 Nf6 2.c4 g6 3.Nc3 Bg7 4.e4 d6 5.Nf3 O-O 6.Be2 Nbd7 7.O-O e5 8.Re1 c6
9.Bf1 Qc7 10.Rb1 a5 11.a3 Re8 12.d5 Nf8 13.b4 Bd7 14.Qb3 cxd5 15.cxd5 Rec8
16.Bd2 axb4 17.axb4 Bg4 18.Rec1 Bxf3 19.Nb5 Qd7 20.Qxf3 Ne8 21.Na3 Rxc1 22.Rxc1 Qa4
23.Nc4 Nd7 24.Na5 b6 25.Nc4 Bf6 26.Nb2 Qa2 27.Qc3 Bd8 28.Bb5 Qa7 29.Nc4 Rc8
30.Ra1 Qc7 31.Qd3 Nef6 32.f3 Kf8 33.Be3 Ke7 34.Ra6 Rb8 35.Bc6 h5 36.Qa3 Kf8
37.Ra7 Qc8 38.Nxd6  1-0

[Event "EU-ch U18"]
[Site "Murek"]
[Date "1998.??.??"]
[Round "8"]
[White "Benkovic, Petar"]
[Black "Pilaj, Herwig"]
[Result "1-0"]
[WhiteElo "2310"]
[BlackElo "2215"]

1.Nf3 Nf6 2.c4 g6 3.Nc3 Bg7 4.e4 d6 5.d4 O-O 6.Be2 e5 7.O-O exd4 8.Nxd4 Re8
9.f3 Nc6 10.Be3 Nh5 11.f4 Nf6 12.Bf3 Bg4 13.Nxc6 Bxf3 14.Qxf3 bxc6 15.Bd2 Qb8
16.b3 Qb6+ 17.Kh1 Re7 18.Rae1 Rae8 19.Na4 Qa6 20.e5 dxe5 21.Rxe5 Rxe5 22.fxe5 Rxe5
23.Bf4 Ra5 24.c5 Nd5 25.Bd2 f5 26.Bxa5 Qxa5 27.Qe2 h5 28.h3 Kh7 29.Rf3 Qb4
30.g3 h4 31.gxh4 Qxh4 32.Nb2 Qd4 33.Nd3 Qe4 34.Qg2 Ne3 35.Qg3 Nf1 36.Qf4 Nd2
37.Qxe4 fxe4 38.Rf2 Nxb3 39.axb3 exd3 40.Rf7 Kg8 41.Rd7 Bc3 42.Rxd3 Bb4 43.Rd7 Bxc5
44.Rxc7  1-0

[Event "EU-ch U18"]
[Site "Murek"]
[Date "1998.??.??"]
[Round "9"]
[White "Gershon, Alik"]
[Black "Antoniewski, Rafal"]
[Result "1-0"]
[WhiteElo "2460"]
[BlackElo "2430"]

1.d4 Nf6 2.c4 g6 3.Nc3 Bg7 4.e4 d6 5.Nf3 O-O 6.Be2 e5 7.d5 a5 8.Bg5 h6 9.Bh4 Na6
10.Nd2 Qe8 11.O-O Bd7 12.b3 Nh7 13.a3 h5 14.f3 Bh6 15.Kh1 Be3 16.Rb1 f5 17.exf5 gxf5
18.b4 axb4 19.axb4 Kh8 20.Bf2 Bxf2 21.Rxf2 h4 22.f4 exf4 23.Nf1 Qe5 24.Qd2 h3
25.Rxf4 hxg2+ 26.Kxg2 Rg8+ 27.Ng3 Rae8 28.Bf3 Rg7 29.Ne2 c5 30.dxc6 bxc6
31.Rd4 Ng5 32.Rxd6 f4 33.Nxf4 Nxf3 34.Kxf3 Rf8 35.Rf1 Rgf7 36.Kg2 Rxf4 37.Rxd7 Qf6
38.Rxf4 Qxf4 39.Qe2 Qg5 40.Qe4 Qh6 41.Qe5+ Kg8 42.b5 cxb5 43.Rd6  1-0

[Event "New York State-ch"]
[Site "New York"]
[Date "1998.??.??"]
[Round "3"]
[White "Bonin, Jay R"]
[Black "Weeramantry, Sunil"]
[Result "1-0"]
[WhiteElo "2405"]
[BlackElo "2215"]

1.d4 Nf6 2.c4 g6 3.Nc3 Bg7 4.Nf3 O-O 5.e4 d6 6.Be2 e5 7.dxe5 dxe5 8.Qxd8 Rxd8
9.Bg5 Nbd7 10.Rd1 Rf8 11.Nd5 c5 12.Ne7+ Kh8 13.Be3 Re8 14.Nxc8 Raxc8 15.Ng5 Kg8
16.Bg4 Re7 17.Bxd7 Nxd7 18.Ke2 b6 19.Rd2 Bf8 20.Rd3 h6 21.Nf3 f5 22.Rhd1 Rc7
23.Nh4 f4 24.Nxg6 Rg7 25.Nxf4  1-0

[Event "Newport ELO"]
[Site "Newport"]
[Date "1998.??.??"]
[Round "8"]
[White "Williams, Leighton"]
[Black "Jones, Richard S"]
[Result "1-0"]
[WhiteElo "2240"]
[BlackElo "2045"]

1.d4 Nf6 2.c4 g6 3.Nc3 Bg7 4.e4 d6 5.Be2 O-O 6.Nf3 e5 7.d5 a5 8.Bg5 Na6 9.O-O Nc5
10.Nd2 h6 11.Be3 Nfd7 12.Rb1 f5 13.f3 f4 14.Bf2 g5 15.b3 Rf6 16.a3 Bf8 17.b4 Na6
18.Qb3 Kh8 19.g4 fxg3 20.hxg3 Be7 21.Kg2 Qf8 22.Nd1 c5 23.bxa5 Bd8 24.Qc3 Nab8
25.Nb3 b6 26.Ne3 bxa5 27.Ng4 Rg6 28.Rh1 a4 29.Nd2 Nf6 30.Ne3 Nh7 31.Nf5 Nd7
32.Nf1 Ndf6 33.g4 Ng8 34.Bg3 Bc7 35.Bd1 Rf6 36.Bc2 Ne7 37.Qd3 Nxf5 38.exf5 Qg7
39.Nd2 Rf7 40.Rh2 Nf6 41.Rbh1 Ng8 42.Ne4 Rb8 43.f6 Qg6 44.Nxd6 Rxf6 45.Qc3 Ba5
46.Bxg6 Bxc3 47.Ne4 Rb2+ 48.Kh3 Rxf3 49.Nxc3 Rb3 50.Ne2 Rfe3 51.Rf2 Kg7 52.Bc2 Rxa3
53.Rhf1 e4 54.Rf7+ Kh8 55.R1f2 h5 56.Kh2 Bxg4 57.Be5+ Nf6 58.Bxf6+ Kg8 59.Rg7+ Kh8
60.Re7+ Kg8 61.Rxe4 Rh3+ 62.Kg1 Ra1+ 63.Bxa1 Bxe2 64.Re8+  1-0

[Event "Newport"]
[Site "Newport"]
[Date "1998.??.??"]
[Round "8"]
[White "Beaumont, Chris"]
[Black "Bates, Richard"]
[Result "1/2-1/2"]
[WhiteElo "2335"]
[BlackElo "2430"]

1.d4 Nf6 2.c4 g6 3.Nc3 Bg7 4.e4 d6 5.Be2 O-O 6.Nf3 Na6 7.O-O e5 8.Be3 Ng4
9.Bg5 f6 10.Bc1 Qe8 11.h3 Nh6 12.Rb1 Kh8 13.dxe5 dxe5 14.b4 Rf7 15.c5 c6
16.Bxa6 bxa6 17.Qa4 Bb7 18.Nd2 Qe6 19.Nb3 Rd8 20.Na5 Ba8 21.Be3 Rfd7 22.Rbd1 Nf7
23.Qc2 f5 24.Rxd7 Rxd7 25.Qe2 f4 26.Bc1 Rd4 27.a3 Qd7 28.Nb3 Rd3 29.Rd1  1/2-1/2

[Event "Nizhnij Tagil"]
[Site "Nizhnij Tagil"]
[Date "1998.??.??"]
[Round "3"]
[White "Shariyazdanov, Andrey"]
[Black "Tosic, Miroslav"]
[Result "1-0"]
[WhiteElo "2495"]
[BlackElo "2505"]

1.d4 g6 2.c4 Bg7 3.Nf3 Nf6 4.Nc3 O-O 5.e4 d6 6.Be2 e5 7.O-O Na6 8.Re1 c6
9.Bf1 exd4 10.Nxd4 Re8 11.Nb3 Be6 12.Bf4 d5 13.exd5 cxd5 14.c5 d4 15.Qxd4 Nd7
16.Qe3 Nb4 17.Qe4 Nxa2 18.Qxb7 Nxc3 19.bxc3 Qf6 20.Bd6 Bf8 21.Rxe6 Qxe6 22.Nd4 Nxc5
23.Bxc5 Qc8 24.Qxc8 Rexc8 25.Bxf8 Kxf8 26.c4 a6 27.g3 Rd8 28.Bg2 Rac8 29.Bd5 Rd6
30.Nb3 Rc7 31.Ra5 h5 32.Nc5 Ra7 33.Kg2 Kg7 34.Ne4 Rd8 35.h4 Re7 36.Kf3 Ra7
37.Ke3 Re7 38.Kd4 f5 39.Ng5 Rd6  1-0

[Event "NOR-chT"]
[Site "NOR"]
[Date "1998.??.??"]
[Round "?"]
[White "Djurhuus, Rune"]
[Black "Lie, Kjetil A"]
[Result "1-0"]
[WhiteElo "2510"]
[BlackElo "2210"]

1.d4 Nf6 2.c4 g6 3.Nc3 Bg7 4.e4 O-O 5.Nf3 d6 6.Be2 e5 7.O-O exd4 8.Nxd4 Nc6
9.Be3 Bd7 10.Nc2 Re8 11.f3 a6 12.Qd2 Nh5 13.g4 Nf6 14.Rad1 Be6 15.Bg5 Qc8
16.Kh1 Ne5 17.Ne3 h6 18.Bh4 g5 19.Bg3 Ng6 20.Nf5 Bxf5 21.gxf5 Nf8 22.h4 Nh5
23.Bh2 Qd8 24.Rg1 Nh7 25.Nd5 Kh8 26.hxg5 hxg5 27.Rg2 N5f6 28.c5 g4 29.cxd6 cxd6
30.Nxf6 Nxf6 31.Qg5 d5 32.e5 Nh7 33.Qxg4 Rg8 34.Qh5 f6 35.Bf4 Qe8 36.Qxh7+ Kxh7
37.Rh2+ Bh6 38.Rxh6+ Kg7 39.Rg1+  1-0

[Event "RUS-ch sf"]
[Site "Novosibirsk"]
[Date "1998.??.??"]
[Round "?"]
[White "Sidorova, Elena"]
[Black "Shadrin, Lev"]
[Result "0-1"]
[WhiteElo "2260"]
[BlackElo "2165"]

1.d4 Nf6 2.c4 g6 3.Nc3 Bg7 4.e4 d6 5.Nf3 O-O 6.Be2 e5 7.d5 c5 8.O-O Ne8 9.Ne1 f5
10.f4 exf4 11.Bxf4 g5 12.Bd2 f4 13.Bg4 Nd7 14.Be6+ Kh8 15.Qh5 Bf6 16.Bf5 Qe7
17.h4 gxh4 18.Nd3 Ne5 19.Nxf4 Bxf5 20.exf5 Ng7 21.Qe2 Nxf5 22.Ne6 Ng3 23.Qd1 Nxf1
24.Qxf1 Rf7 25.Qe2 Rg8 26.Kh1 Ng4 27.Ne4 Bd4 28.Bg5 Nf2+ 29.Kh2 h3 30.Nxf2 Rxg5
31.Nxh3 Be5+ 32.Kh1 Rgf5 33.Qg4 Rf1+ 34.Rxf1 Rxf1+ 35.Ng1 Qf6 36.Ng5 Qh6+
37.Nh3 Bd4 38.Qc8+ Qf8 39.Qe6 Bxg1 40.Nxg1 Qf4 41.Qe8+ Kg7 42.Qe7+ Qf7 43.Qg5+ Kh8
44.Qd8+ Qf8 45.Qg5 Qf6 46.Qh5 Kg7 47.Qg4+ Qg6 48.Qd7+ Rf7 49.Qd8 Qh5+  0-1

[Event "RUS-Cup"]
[Site "Omsk/Perm"]
[Date "1998.??.??"]
[Round "2"]
[White "Ershova, Svetlana"]
[Black "Ozolin, Maxim"]
[Result "0-1"]
[WhiteElo "2210"]
[BlackElo "2510"]

1.d4 Nf6 2.c4 g6 3.Nc3 Bg7 4.e4 d6 5.Nf3 O-O 6.Be2 e5 7.d5 a5 8.Bg5 h6 9.Bh4 Na6
10.Nd2 Qe8 11.a3 Bd7 12.O-O a4 13.Nb5 Bxb5 14.cxb5 Nc5 15.Qc2 Nfd7 16.g4 Bf6
17.Bg3 Bg5 18.b4 axb3 19.Nxb3 Nxb3 20.Qxb3 Nc5 21.Qb1 Ra4 22.f3 Be3+ 23.Kh1 Qa8
24.b6 Bd4 25.Ra2 cxb6 26.Qc1 Kh7 27.Bb5 Ra5 28.Be2 Rc8 29.Qb1 Na4 30.Be1 Nc3
31.Bxc3 Rxc3 32.Qb4 Raxa3 33.Rxa3 Qxa3 34.Qxa3 Rxa3 35.Rc1 Re3 36.Rc2 b5
37.Bxb5 Rxf3 38.Rc7 b6 39.Rb7 Kg7 40.Bd7 Kf6 41.Kg2 Rf4 42.Be8 Kg5 43.Rxf7 Kxg4
44.h3+ Kh4 45.Rxf4+ exf4 46.Bxg6 b5 47.Be8 b4 48.Ba4 f3+ 49.Kxf3 Kxh3  0-1

[Event "RUS-Cup"]
[Site "Omsk/Perm"]
[Date "1998.??.??"]
[Round "3"]
[White "Gutov, Andrei"]
[Black "Ershova, Svetlana"]
[Result "1-0"]
[WhiteElo "2250"]
[BlackElo "2210"]

1.d4 Nf6 2.c4 g6 3.Nc3 Bg7 4.e4 d6 5.Nf3 O-O 6.Be2 e5 7.Be3 exd4 8.Nxd4 Re8
9.f3 c6 10.Bf2 d5 11.exd5 cxd5 12.O-O Nc6 13.c5 Nh5 14.Qd2 Be5 15.g3 Ng7
16.Rfd1 Be6 17.Bb5 Rc8 18.Bxc6 bxc6 19.Rac1 Bd7 20.b4 Ne6 21.b5 Ng5 22.h4 Nh3+
23.Kg2 Nxf2 24.Kxf2 Qf6 25.bxc6 Bg4 26.Nce2 Bxd4+ 27.Nxd4 Rxc6 28.Qg5 h5
29.Qxd5 Rcc8 30.Qg5 Qxg5 31.hxg5 Be6 32.Nb5 Re7 33.c6 a6 34.Nd6 Rcc7 35.Ne4 Kf8
36.Nf6 Rc8 37.Nd7+ Ke8 38.Nb6 Rcc7 39.Rd2 Kf8 40.Rc3 Re8 41.a3 Ke7 42.Ke3 Rb8
43.Rb2 Rd8 44.Rbc2 Rb8 45.Rb2 Rd8 46.Kf4 Rd6 47.Rbc2 f6 48.Rc5 Rd4+ 49.Ke3 Rd6
50.gxf6+ Kxf6 51.R2c3 g5 52.f4 gxf4+ 53.gxf4 h4 54.f5 Bf7 55.Kf3 Bh5+ 56.Kf4 Bf7
57.Nd7+ Ke7 58.f6+ Kd8 59.Kg5 h3 60.Ne5 Be6 61.Rc2 Kc8 62.Rf2 Rh7 63.f7 Bxf7
64.Rxf7 Rxf7 65.Nxf7 Rd3 66.Kf4 Kc7 67.Rh5 Rxa3 68.Ne5 Rc3 69.Rh7+ Kd6 70.Rd7+ Ke6
71.Rd2  1-0

[Event "RUS-Cup"]
[Site "Omsk/Perm"]
[Date "1998.??.??"]
[Round "3"]
[White "Pavlov, Aleksandr"]
[Black "Khamatgaleev, Alexej"]
[Result "0-1"]
[WhiteElo "2310"]
[BlackElo "2400"]

1.d4 Nf6 2.c4 g6 3.Nc3 Bg7 4.e4 d6 5.Nf3 O-O 6.Be2 e5 7.O-O Na6 8.Be3 Ng4
9.Bg5 Qe8 10.h3 h6 11.Bc1 Nf6 12.dxe5 dxe5 13.Be3 Qe7 14.Qc2 c6 15.Rad1 Nh5
16.Rfe1 Nf4 17.Bf1 g5 18.Nh2 Kh7 19.a3 Rg8 20.b4 Nc7 21.Qb2 Nce6 22.Ne2 Nxe2+
23.Bxe2 a5 24.Nf3 axb4 25.axb4 Nf4 26.Bc5 Qe8 27.Rd6 g4 28.hxg4 Bxg4 29.g3 Nxe2+
30.Qxe2 f6 31.Qe3 Qf7 32.Kg2 Rgd8 33.Rh1 Rxd6 34.Bxd6 Kg8 35.Nd2 Be6 36.c5 Ra2
37.Rb1 Qg6 38.Kg1 Kh7 39.b5 Bh3 40.Nf3 Ra4 41.bxc6 Rxe4 42.Qd3 bxc6 43.Rb7 Rg4
44.Qxg6+ Rxg6 45.Rc7 Kg8 46.Rxc6 e4 47.Nh4 Rg5 48.Rb6 Rd5 49.Rb8+ Kf7 50.Rb7+ Kg8
51.Ng6 Rd1+ 52.Kh2 Bg4 53.Nh4 Rd5 54.Ng2 Bf3 55.Nh4 Bg4 56.Kg2 h5 57.Rb1 Bh6
58.Rb4 e3 59.Rb8+ Kf7 60.Rb7+ Kg8 61.f3 Rd2+ 62.Kf1 Bh3+ 63.Ke1 Rc2 64.Rb8+ Kf7
65.Rb7+ Ke6 66.f4 Kd5 67.Re7 Kd4 68.Kd1 Rd2+ 69.Kc1 Bg4  0-1

[Event "RUS-Cup"]
[Site "Omsk/Perm"]
[Date "1998.??.??"]
[Round "5"]
[White "Malinin, Yuri"]
[Black "Ikonnikov, D."]
[Result "1/2-1/2"]
[WhiteElo "2335"]
[BlackElo "2430"]

1.d4 Nf6 2.c4 g6 3.Nc3 Bg7 4.e4 O-O 5.Nf3 d6 6.Be2 Nbd7 7.O-O e5 8.Be3 Ng4
9.Bg5 f6 10.Bc1 Nh6 11.h3 Nf7 12.Qc2 a5 13.Rd1 Re8 14.b3 exd4 15.Nxd4 Nc5
16.Ba3 Na6 17.c5 Nb4 18.Bxb4 axb4 19.Ncb5 c6 20.Nxd6 Nxd6 21.cxd6 Qxd6 22.Bc4+ Kh8
23.Nf5 Qc5 24.Nd6 Rf8 25.Qd2 b5 26.Nf7+ Kg8 27.Nh6+ Kh8 28.Nf7+ Kg8  1/2-1/2

[Event "RUS-Cup"]
[Site "Omsk/Perm"]
[Date "1998.??.??"]
[Round "7"]
[White "Syrchikov, Alexander"]
[Black "Kupreichik, Viktor D"]
[Result "0-1"]
[WhiteElo "2365"]
[BlackElo "2505"]

1.d4 Nf6 2.Nf3 g6 3.c4 Bg7 4.Nc3 O-O 5.e4 d6 6.Be2 e5 7.dxe5 dxe5 8.Qxd8 Rxd8
9.Bg5 Na6 10.Nd5 Rd6 11.Bxf6 Bxf6 12.Nxf6+ Rxf6 13.Nxe5 Re6 14.f4 Re8 15.O-O Nc5
16.Rad1 f6 17.Ng4 Nxe4 18.Rd4 Kf8 19.Bf3 Bxg4 20.Bxg4 Rad8 21.Rfd1 Rxd4 22.Rxd4 a5
23.Bf3 Nc5 24.Kf2 Re6 25.Rd5 b6 26.b3 Ke7 27.g3 a4 28.b4 Ne4+ 29.Kg2 Nc3
30.Rd3 Nxa2 31.b5 Nb4 32.Ra3 Kd6 33.Rxa4 Kc5 34.Ra1 Re7 35.Bb7 Re2+ 36.Kf3 Re7
37.Bd5 Nxd5 38.cxd5 Kxb5 39.Rc1 Ka4 40.Rc6 b5 41.Rxf6 b4 42.Re6 Rd7 43.Ke4 b3  0-1

[Event "RUS-Cup"]
[Site "Omsk/Perm"]
[Date "1998.??.??"]
[Round "7"]
[White "Kiriakov, Petr"]
[Black "Khamatgaleev, Alexej"]
[Result "0-1"]
[WhiteElo "2495"]
[BlackElo "2400"]

1.d4 Nf6 2.c4 g6 3.Nc3 Bg7 4.e4 d6 5.Nf3 O-O 6.Be2 e5 7.O-O Na6 8.Be3 Ng4
9.Bg5 Qe8 10.dxe5 dxe5 11.h3 h6 12.Bc1 Nf6 13.Be3 Qe7 14.a3 c6 15.b4 Nh5
16.c5 Nf4 17.Bxa6 Rd8 18.Qa4 bxa6 19.Rad1 Bb7 20.Bxf4 exf4 21.e5 a5 22.Qxa5 f6
23.Rd6 fxe5 24.Re1 Rxd6 25.cxd6 Qd8 26.Qc5 a5 27.Ne4 axb4 28.axb4 Ba6 29.Qxc6 Be2
30.Rc1 Kh7 31.Qd5 Ra7 32.Nxe5 f3 33.gxf3 Qf8 34.d7 Qf4 35.Nf6+ Qxf6 36.d8=Q g5  0-1

[Event "RUS-Cup"]
[Site "Omsk/Perm"]
[Date "1998.??.??"]
[Round "9"]
[White "Iskusnyh, Sergei"]
[Black "Rashkovsky, Nukhim N"]
[Result "1/2-1/2"]
[WhiteElo "2455"]
[BlackElo "2505"]

1.Nf3 Nf6 2.c4 g6 3.Nc3 Bg7 4.e4 d6 5.d4 O-O 6.Be2 e5 7.O-O exd4 8.Nxd4 Re8
9.f3 c6 10.Kh1 a6 11.Nc2 b5 12.Bf4 d5 13.cxd5 cxd5 14.a4 bxa4 15.Rxa4 Bd7
16.Ra3 dxe4 17.fxe4 Nc6 18.Bxa6 Nxe4 19.Nxe4 Rxe4 20.Qd5 Qe8 21.Bd3 Rxa3
22.bxa3 Re6 23.Bb5 Be5 24.Bh6 Qe7 25.h3 Rd6 26.Qc4 g5 27.Bxg5 Qxg5 28.Qxf7+ Kh8
29.Bc4 Qg7 30.Qh5 Rh6 31.Qf3 Rf6 32.Qd1 Rxf1+ 33.Qxf1 Qf6 34.Qxf6+ Bxf6 35.Bb5 Ne5
36.a4 Bxb5 37.axb5 Bd8 38.g4 Kg7 39.Ne3 Kf6 40.Kg2 Ke6 41.h4 Bb6 42.Nf1 Nxg4
43.Kf3 Ne5+ 44.Kf4 Bd8 45.Nd2 Bxh4 46.Nf3 Ng6+ 47.Ke4 Bd8 48.Nd4+ Kd6 49.Nf5+  1/2-1/2

[Event "Wch U14"]
[Site "Oropesa del Mar"]
[Date "1998.??.??"]
[Round "1"]
[White "Miton, Kamil"]
[Black "Alekseev, Evgeny"]
[Result "0-1"]
[WhiteElo "2415"]
[BlackElo "2270"]

1.d4 Nf6 2.c4 g6 3.Nc3 Bg7 4.e4 d6 5.Be2 O-O 6.Nf3 Nbd7 7.O-O e5 8.Qc2 c6
9.Rd1 Qe7 10.Rb1 exd4 11.Nxd4 Nc5 12.f3 a5 13.Bg5 h6 14.Bh4 Re8 15.Bf1 Qf8
16.Bf2 Nh5 17.g3 f5 18.Re1 f4 19.g4 Nf6 20.b3 Nfd7 21.Rbd1 Ne5 22.Bg2 Qe7
23.Rd2 Bf6 24.Red1 Bh4 25.Kh1 Bxf2 26.Rxf2 Qh4 27.Rff1 Rf8 28.Qf2 Qf6 29.Rd2 a4
30.Rfd1 axb3 31.axb3 Rd8 32.Bf1 Ra3 33.Nb1 Ra8 34.Nc3 Na6 35.Nde2 Kg7 36.Na4 Kf7
37.Qb6 Nb8 38.c5 Nbd7 39.Qc7 Rxa4 40.bxa4  0-1

[Event "Wch U14"]
[Site "Oropesa del Mar"]
[Date "1998.??.??"]
[Round "5"]
[White "Zivanic, Marko"]
[Black "Ungurs, Edgars"]
[Result "1-0"]
[WhiteElo "2320"]
[BlackElo "2055"]

1.d4 Nf6 2.c4 g6 3.Nc3 Bg7 4.e4 d6 5.Nf3 O-O 6.Be2 e5 7.Be3 Nc6 8.d5 Ne7
9.Nd2 Ne8 10.c5 f5 11.f3 f4 12.Bf2 g5 13.Nc4 a6 14.cxd6 cxd6 15.Nb5 h6 16.Nc3 b5
17.Nb6 Rb8 18.Nxc8 Qxc8 19.O-O Nf6 20.Rc1 Qe8 21.a4 Ng6 22.axb5 axb5 23.Qd3  1-0

[Event "NOR-ch"]
[Site "Oslo"]
[Date "1998.??.??"]
[Round "8"]
[White "Dannevig, Oystein"]
[Black "Gabrielsen, Stig"]
[Result "1-0"]
[WhiteElo "2325"]
[BlackElo "2305"]

1.Nf3 d6 2.d4 Nf6 3.c4 g6 4.Nc3 Bg7 5.e4 O-O 6.Be2 e5 7.O-O Qe8 8.dxe5 dxe5
9.Be3 Na6 10.Ne1 b6 11.Nd3 Bb7 12.f3 Nb8 13.Nb4 Nc6 14.Nxc6 Bxc6 15.b4 Nh5
16.b5 Bd7 17.Nd5 Qd8 18.c5 bxc5 19.Rc1 a6 20.Bxc5 axb5 21.Be7 Qb8 22.Nxc7 Rxa2
23.Qxd7 Rxe2 24.Bxf8 Bxf8 25.Nd5  1-0

[Event "Ostrava Cup"]
[Site "Ostrava"]
[Date "1998.??.??"]
[Round "3"]
[White "Polak, Tomas"]
[Black "Oral, Tomas"]
[Result "1/2-1/2"]
[WhiteElo "2525"]
[BlackElo "2510"]

1.d4 Nf6 2.c4 g6 3.Nc3 Bg7 4.e4 d6 5.Nf3 O-O 6.Be2 e5 7.d5 Na6 8.Nd2 h5 9.h4 Nh7
10.Nf3 f5 11.exf5 Bxf5 12.Be3 Nc5 13.Qd2 a5 14.Ng5 Nxg5 15.hxg5 Qd7 16.Rh4 e4
17.Bxc5 dxc5 18.Nxe4 Bxe4 19.Rxe4 Rae8 20.Bf3 Bd4 21.Rxe8 Rxe8+ 22.Kf1 Qg7
23.Rb1 Qe5 24.Re1 Qxe1+ 25.Qxe1 Rxe1+ 26.Kxe1 Bxb2 27.Be4 Kf7 28.f4 Bc1 29.g3 h4
30.Kd1 Be3 31.Ke2 Bc1 32.gxh4 Bxf4 33.Kf3 Bc1 34.a4 b6 35.Kg4 Bd2 36.h5 gxh5+
37.Kxh5 Kg7 38.Kg4 Be3 39.Kf5 Bc1 40.Ke6 Bd2  1/2-1/2

[Event "HUN-ch U18"]
[Site "Paks"]
[Date "1998.??.??"]
[Round "5"]
[White "Kerek, Csaba"]
[Black "Toth, Andras"]
[Result "0-1"]
[WhiteElo "2380"]
[BlackElo "2325"]

1.d4 Nf6 2.c4 g6 3.Nc3 Bg7 4.e4 d6 5.Nf3 O-O 6.Be2 Nbd7 7.O-O e5 8.d5 Nc5
9.Qc2 a5 10.Re1 b6 11.b3 Ne8 12.a3 f5 13.Bg5 Nf6 14.b4 Ncxe4 15.Nxe4 fxe4
16.Nd2 Bf5 17.Be3 Kh8 18.Rac1 Qd7 19.h3 h5 20.Qb1 axb4 21.axb4 Ra3 22.Kh2 Rfa8
23.Bd1 Qf7 24.Bc2 Kh7 25.f3 Bh6 26.Bxh6 Kxh6 27.Bxe4 Nxe4 28.fxe4 Bxh3 29.Rf1 Qd7
30.Nb3 Bxg2 31.Kxg2 Qg4+ 32.Kh2 Qxe4  0-1